| 000 | | | 04378nmc2a22000003x 450 |
| 001 | | | 8cb8f575-be94-455d-9dc2-107f8e4be5ef |
| 005 | | | 20180927181914.0 |
| 100 | ## | $a | 20170403l19121912k l0rusy0189 ca |
| 101 | 0# | $a | rus |
| 102 | ## | $a | RU |
| 200 | 1# | $a | Докладная записка Л.Ф. Шухтана, председателя правления Общества Северо-Донецкой железной дороги, "О результатах эксплуатации частных железных дорог в 1911 году" |
| | $j | 15 ноября 1912 г. |
| | $e | с сопроводительным письмом Л.Ф. Шухтана М.М. Алексеенко (машинописное, подпись - автограф) |
| 251 | ## | $c | Дело |
| 300 | ## | $a | Печатные материалы к докладам Бюджетной комиссии 3 и 4 Государственных дум по сметам министерств: финансов, торговли и промышленности, путей сообщения. По сооружению и эксплуатации железных дорог |
| 300 | ## | $a | Печатный материал |
| 801 | #0 | $a | RU |
| | $b | РГИА |
| | $c | 20170403 |
| | $g | RCR |
| 801 | #1 | $a | RU |
| | $b | ГлавНИВЦ |
| | $c | 20170403 |
| | $2 | rusmarc |
| 801 | #2 | $a | RU |
| | $b | ПБ им. Б.Н. Ельцина |
| | $c | 20180927 |
| | $g | RCR |
| | $2 | rusmarc |
| 850 | ## | $a | РГИА |
| 852 | ## | $a | РГИА |
| | $e | Федеральное казенное учреждение "Российский государственный исторический архив" (РГИА) |
| | $j | 41 |
| 937 | ## | $h | РГИА |
| | $d | 12234336 |
| | $a | ASBIBLIO_SCAN |
| 462 | #0 | $1 | 001f4cc5ff3-a559-440c-b487-45d74f44b7e2 |
| | $1 | 2001 |
| | $a | Печатные отчеты, доклады и другие материалы о заседаниях Государственной думы, о деятельности государственного и других банков, Романовского комитета по обеспечению сирот и детей воинов; материалы к проекту переустройства Одесского порта и об организации Одесской фабрично-заводской художественной выставки |
| | $1 | 251 |
| | $c | Опись |
| | $1 | 852 |
| | $j | 1 |
| 461 | #0 | $1 | 001c208dac8-5ac4-4eeb-b5b1-f93dab802890 |
| | $1 | 2001 |
| | $a | Алексеенко Михаил Мартынович (1847-1917 гг.) |
| | $1 | 251 |
| | $c | Фонд |
| | $1 | 852 |
| | $j | 1616 |
| 215 | ## | $a | 6 л. |
| | $d | 32х23 см |
| 371 | ## | $a | Документ не является опубликованным и широко распространяемым |
| 105 | ## | $a | y### |
| 122 | 0# | $a | d |
| 035 | ## | $a | 8cb8f575-be94-455d-9dc2-107f8e4be5ef |
| 856 | ## | $u | http://readingroom.main.prlib.ru/item.aspx?id_node=n118686667&mode=full |